000 00744nam a22002537a 4500
001 BR0101518
003 BR-BrBNA
005 20240313073107.0
007 ta
008 230509b bl.||||| |||| 00| 0 por d
040 _aBR-BrBNA
_bpor
_cBiblioteca Nacional de Agricultura
041 _a(Por)
072 _aA50; P30
090 _aA50
_bBR0101518
110 1 _aEmpresa Brasileira de Pesquisa Agropecuaria, Brasilia, DF (Brasil)
245 1 _aPlano diretor do Centro Nacional de Pesquisa de Solos (CNPS)
260 3 _aBrasilia, DF (Brasil):
_c1994.
300 _a45 p.
500 _a9 ref.; 6 tables
650 _aPlanejamento de Pesquisa
650 _aAdministracao de Pesquisa
650 _aPlanejamento Florestal
942 _cBK
_2AGRIS
999 _c62870
_d62870